|
|
|
|
| LEADER |
02579nam a22004815i 4500 |
| 001 |
978-3-319-52195-4 |
| 003 |
DE-He213 |
| 005 |
20170228123534.0 |
| 007 |
cr nn 008mamaa |
| 008 |
170228s2017 gw | s |||| 0|eng d |
| 020 |
|
|
|a 9783319521954
|9 978-3-319-52195-4
|
| 024 |
7 |
|
|a 10.1007/978-3-319-52195-4
|2 doi
|
| 040 |
|
|
|d GrThAP
|
| 050 |
|
4 |
|a TJ807-830
|
| 072 |
|
7 |
|a THX
|2 bicssc
|
| 072 |
|
7 |
|a TEC031010
|2 bisacsh
|
| 082 |
0 |
4 |
|a 621.042
|2 23
|
| 100 |
1 |
|
|a Lowry, John.
|e author.
|
| 245 |
1 |
0 |
|a Avoiding Carbon Apocalypse Through Alternative Energy
|h [electronic resource] :
|b Life After Fossil Fuels /
|c by John Lowry.
|
| 264 |
|
1 |
|a Cham :
|b Springer International Publishing :
|b Imprint: Springer,
|c 2017.
|
| 300 |
|
|
|a IX, 150 p. 110 illus.
|b online resource.
|
| 336 |
|
|
|a text
|b txt
|2 rdacontent
|
| 337 |
|
|
|a computer
|b c
|2 rdamedia
|
| 338 |
|
|
|a online resource
|b cr
|2 rdacarrier
|
| 347 |
|
|
|a text file
|b PDF
|2 rda
|
| 505 |
0 |
|
|a Introduction -- Energy Produced and Carbon Released From Fossil Fuels and Amount of Alternative Energy Required to Replace This -- Electrical Super Grids -- Alternative, Sustainable an Nuclear Energy -- Hydrogen and Other Synthesized Fuels -- Energy Storage -- Economics -- Land Transport Without Fossil Fuels -- Air and Sea Transport Without Fossil Fuels -- Do We Have the Resources? -- Energising the World From Non-Fossil Fuel Sources -- Final Infrastructure -- Avoiding Carbon Apocalypse -- Appendix.
|
| 520 |
|
|
|a This important book lays bare the dangers of global warming caused by carbon dioxide emissions stemming from fossil fuel use, and proposes pathways toward mitigation. A discussion of the current main uses of fossil fuels acts as a basis for presenting viable, economically sound alternatives. The author outlines a clear, practical strategy for establishing a carbon-free future by deploying proven policy structures and technologies that are already commercially available. .
|
| 650 |
|
0 |
|a Energy.
|
| 650 |
|
0 |
|a Renewable energy resources.
|
| 650 |
|
0 |
|a Renewable energy sources.
|
| 650 |
|
0 |
|a Alternate energy sources.
|
| 650 |
|
0 |
|a Green energy industries.
|
| 650 |
|
0 |
|a Sustainable development.
|
| 650 |
1 |
4 |
|a Energy.
|
| 650 |
2 |
4 |
|a Renewable and Green Energy.
|
| 650 |
2 |
4 |
|a Renewable and Green Energy.
|
| 650 |
2 |
4 |
|a Sustainable Development.
|
| 710 |
2 |
|
|a SpringerLink (Online service)
|
| 773 |
0 |
|
|t Springer eBooks
|
| 776 |
0 |
8 |
|i Printed edition:
|z 9783319521947
|
| 856 |
4 |
0 |
|u http://dx.doi.org/10.1007/978-3-319-52195-4
|z Full Text via HEAL-Link
|
| 912 |
|
|
|a ZDB-2-ENE
|
| 950 |
|
|
|a Energy (Springer-40367)
|